000 00543 a2200229 4500
260 _aCotonou
100 _aASSANI, Marie L. E. M.
260 _bENEAM
300 _b37 p
245 _aEtude du relancement du téléphone fixe sans fil "Zékédé" réalisé par benin télécoms S.A.
650 _aMARKETING
650 _aACTION COMMERCIALE
650 _aTELECOMMUNICATION
650 _aTELEPHONE FIXE
650 _aZEKEDE
260 _c2007
130 _lFr
500 _a1 ex
040 _aENEAM
999 _c9826
_d9826